FUNGI from different substrates

Gorde:
Xehetasun bibliografikoak
Egile nagusia: J. K. Misra
Formatua: Liburua
Hizkuntza:ingelesa
Argitaratua: CRC Press 2015
Etiketak: Etiketa erantsi
Etiketarik gabe, Izan zaitez lehena erregistro honi etiketa jartzen!

MARC

LEADER 00000nam a22000007a 4500
008 210126b ||||| |||| 00| 0 eng d
020 |a : 978-1-4822-0960-0 
100 |a J. K. Misra 
245 |a FUNGI from different substrates  |c ] J. K. Misra… [et al.].- Boca Raton, 
260 |b CRC Press  |c 2015  |h 2015  |i 689890  |l QK603 .F96  |m  Fungi  |m Plant growing media 
942 |a lcc  |c BK  |e Mr Ogunleye 
952 |0 0  |1 0  |2 lcc  |4 0  |6 QK0603 F96  |7 0  |9 1891  |a HOL  |b HOL  |d 2021-01-26  |l 0  |o QK603 .F96  |p 2021-5758  |r 2021-01-26 00:00:00  |w 2021-01-26  |y BK 
999 |c 994  |d 994